00907nam a2200169 a 450000100080000000500110000800800410001910000190006024500890007926000220016830000110019052004540020165000270065565000220068265000150070465000180071912494862004-12-21 1992 bl uuuu 00u1 u #d1 aSCHULTZ, J. I. aPhosphate fertilizers and the environmentbproceedings of an International Workshop. aTampa: IFDCc1992 a367 p. aA global perspective of the phospharte fertilizer sector; Agronomic discussion of phosphate fertilizer products and use practice and their impact upon the environment; Identifying and managing the environmental issues facing the phosphate fertilizer production sector; The role of technology and management in achieving environmental sustainable in the phosphate fertilizer production sector; Environmental aspects of the nitrophosphate alternative. aFertilizante Fosfatado aImpacto Ambiental aIndústria aMeio Ambiente